000 00654nam a2200217Ii 4500
003 JO-AjNU
008 230606s9999||||xx |||||||||||||| ||und||
020 _a92-102507-1
040 _aJO-AjNU
_beng
_erda
_cJO-AjNU
041 _aeng
050 1 4 _aZ7164.U56.B5 1980
100 3 _aد .م,
_eauthor
_92894
245 0 0 _aBibliigraphy of published research of world Employment programme
250 _a3 ed
264 3 1 _aGeneva :international ,1980
300 _a105p
336 _atext
_btxt
_2rdacontent
337 _aunmediated
_bn
_2rdamedia
338 _avolume
_bnc
_2rdacarrier
650 4 _a Poor -- Developing countries -- Bibliography. 
_92895
999 _aE1516
_c1516
_d1516